| 000 | 01134nam a22002657a 4500 | ||
|---|---|---|---|
| 005 | 20240530110413.0 | ||
| 008 | 150225s2010 ua g 000 0 ara d | ||
| 017 |
_a2009/16043 _bمصر . دار الكتب المصرية |
||
| 020 | _a9789773502845 | ||
| 040 | _aEG-CaGPL | ||
| 041 | 0 | _aara | |
| 082 | 0 | 4 |
_221 _a953.502\ _bم إ |
| 100 | 0 | _aمحمد حسن العيدروس | |
| 245 | 1 | 2 |
_aالامارات و سياسة الاتفاقيات البريطانية 1820 - 1853 / _cمحمد حسن العيدروس |
| 250 | _aط1 | ||
| 260 |
_aالقاهرة : _bدار الكتاب الحديث ؛ _c2010 |
||
| 300 |
_a323 ص ؛ _c24 سم |
||
| 490 | _aدار العيدروس للكتاب الحديث : تاريخ الامارات العسكرى | ||
| 650 | 0 | 4 | _aاتفاقية الهدنة البحرية |
| 650 | 0 | 4 | _aاتفاقية السلام العامة 1820 |
| 651 | 0 | 4 |
_aالامارات العربية المتحدة _xتاريخ |
| 651 | 0 | 4 |
_aالامارات العربية المتحدة _xتاريخ _yالاحتلال البريطانى |
| 942 |
_2ddc _cBK |
||
| 999 |
_c60506 _d60506 |
||